El culto espiritual .

Salvato in:
Dettagli Bibliografici
Autore principale: Congar, Yves 1904-1995 (Autore)
Altri autori: Lécuyer, Joseph (autor)
Natura: Sconosciuto
Pubblicazione: Barcelona, España: Centre De Pastoral Litúrgica, 2015.
Edizione:Primera edición.
Serie:Cuadernos Phase,
Soggetti:
Tags: Aggiungi Tag
Nessun Tag, puoi essere il primo ad aggiungerne!!

MARC

LEADER 00000 a2200000 4500
003 CL-VaPUC
005 20221114131204.0
008 221025t2015||||| |||| 00| 0 eng d
999 |c 438842  |d 438840 
020 |a 9788498058314 
040 |c Pontificia Universidad Católica de Valparaíso 
082 7 |a 248.48 CON 2015  |2 22 
100 |a Congar, Yves  |e author  |d 1904-1995  |9 589269 
245 |a El culto espiritual . 
250 |a Primera edición. 
260 |a Barcelona, España:  |b Centre De Pastoral Litúrgica,  |c 2015. 
300 |a 76 páginas. 
490 |a Cuadernos Phase,   |n  225. 
583 |k GC  |c 20221025 
650 |a Culto espiritual cristiano  |9 878019 
700 |a Lécuyer, Joseph  |9 583285  |e autor 
942 |2 ddc  |c BK 
952 |0 0  |1 0  |2 ddc  |4 0  |6 248_480000000000000_CON_2015  |7 0  |8 A  |9 587457  |a BIBTEO  |b BIBTEO  |c GEN  |d 2022-10-24  |e 3  |g 17295.00  |i 5655348  |o 248.48 CON 2015  |p 5655348  |r 2025-01-17  |t 1  |v 17295.00  |w 2022-10-24  |y BK  |k ICR